Deformation and fracture mechanics of engineering materials
Gardado en:
| Autor Principal: | |
|---|---|
| Formato: | Libro |
| Idioma: | inglés |
| Publicado: |
Nueva York
John Wiley
1989
|
| Edición: | 3a. ed |
| Subjects: | |
| Tags: |
Engadir etiqueta
Sen Etiquetas, Sexa o primeiro en etiquetar este rexistro!
|
MARC
| LEADER | 00000nam a2200000 a 4500 | ||
|---|---|---|---|
| 001 | UCX3890 | ||
| 003 | CL-VaPUC | ||
| 008 | 920116e19890000US |||||||||||||||||eng|d | ||
| 082 | 0 | 4 | |a 620.112 |b HER |2 21 |
| 100 | |a Hertzberg, Richard W |e author |9 426542 | ||
| 245 | 1 | 0 | |a Deformation and fracture mechanics of engineering materials |
| 250 | |a 3a. ed | ||
| 300 | |a 680 p | ||
| 942 | |c BK | ||
| 945 | |d 19920116 00:00:00 | ||
| 260 | |a Nueva York |b John Wiley |c 1989 | ||
| 650 | 7 | |a DEFORMACION |2 CL-VaPUC |9 320093 | |
| 650 | 7 | |a MECANICA DE FRACTURAS |2 CL-VaPUC |9 320094 | |
| 583 | |a last modification |c 19920116 00:00:00 |k Rodrigo Vera | ||
| 999 | |c 224515 |d 224513 | ||
| 952 | |0 0 |1 0 |4 0 |6 620_112000000000000_HER_1989 |7 0 |8 A |9 221212 |a BIBCUR |b BIBCUR |d 2019-11-15 |i 3179990 |o 620.112 HER 1989 |p 3179990 |r 2025-04-22 |w 2019-11-15 |y BK |k BCB | ||